000
00208 a2200097 4500
001
9348
100
_a
Husain, M
245
_a
A history of the freedom movement.
260
_a
_b
P H S
_c
090
_c
7513
_d
7513
942
_a
NUST-CAE
_c
M
_c
34171
999
_c
244421
_d
244421